| 000 | 00602cam a2200205Ia 4500 | ||
|---|---|---|---|
| 999 |
_c4239 _d4239 |
||
| 020 | _a0070049408 | ||
| 020 | _a9780070049406 | ||
| 050 | 4 |
_aBC135 _b.B4352 1990 |
|
| 100 | 1 | _aBergmann, Merrie. | |
| 245 | 1 | 0 |
_aSolutions to selected exercises in The logic book / _cMerrie Bergmann, James Moor, Jack Nelson. |
| 250 | _aSecond edition. | ||
| 260 |
_aUnited States _bMcGraw Hill _c1990 |
||
| 300 |
_a251 pages ; _c24 cm. |
||
| 650 | 0 | _aLogic, Symbolic and mathematical | |
| 650 | 0 | _aPredicate (Logic) | |
| 700 | 1 | _aMoor, James, | |
| 700 | 1 | _aNelson, Jack, | |
| 700 | 1 | _aBergmann, Merrie. | |
| 942 | _cBK | ||